1224 1439 1448 1280 1530 1711 1929 1835 1373 1134 1712 1354 1745 1242 1441 1306 1652 1710 1667 1692 1265 1689 1929 1257 1105 1523 1239 1922 1402 1321 1493 1508 1371 1244 1208 1235 1339 1666 1446 1568 1316 1369 1969 1539 1455 1213 1487 1092 1940 1897 1272 1621 1054 1878 1210 1053 1538 1081 1714 1876 1480 1117 1811 1825 1547 1898 1853 1431 1805 1409 1755 1542 1885 1799 1244 1769 1764 1692 1097 1325 1238 1464 1741 1999 1203 1562 1870 1251 1727 1353 1725 1696 1009 1063 1904 1751 1612 1232 1108 BCNSPRNW ULIB Ver.6.0+V

เปลี่ยนเป็นภาษาไทย

Change to English
 แสดงรายละเอียดบรรณานุกรม
  กลับหน้าหลัก

Brief Record : Get Marc (ISO 2709) : E-mail record : QR code < ปิดหน้าต่าง
LEADER : 00000nam 2200000uu 4500
001    13399126202
003     ULIB
008    180722s2017||||th 000 0 tha d
020    ^a9781316637869
050 00 ^aPE1128^bC172^cV.12
245 10 ^aCambridge practice tests for IELTS 12
260    ^aCambridge :^bCambridge University Press,^c2017
300    ^a136 p.:^bill. ;^c25 cm.
650 00 ^aInternational English Language Testing System.
650 00 ^aEnglish language^xExaminations, questions, etc.
650 00 ^aEnglish language^xTextbooks for foreign speakers
945    ^p0^l0^i26419
999    ^aกัณชพร จุลอักษร
รายการนี้ยังไม่มีแท็ก
คุณยังไม่ได้ล็อกอิน คุณสามารถมีกิจกรรมร่วมกับเว็บไซต์ได้ แต่ต้องล็อกอินก่อน ::
  ล็อกอิน

รายการสื่อสารสนเทศ

ลำดับที่ ประเภท เลขเรียก/บาร์โค้ด สถานที่ สถานะ
1. วิทยาศาสตร์การแพทย์ และสุขภาพ
วิทยาศาสตร์การแพทย์ และสุขภาพ
PE1128 C172 V.12 ฉ.1 
  Barcode: 26419
ห้องสมุดวิทยาเขตนครสวรรค์
►หนังสือทั่วไป:l:General Books
บนชั้น

รายการใกล้เคียง
    ชื่อเรื่อง [Cambridge practice tests for IELTS 12]

    หัวเรื่อง [International English Language Testing System.]

BibComment


ยังไม่เคยถูกคอมเมนท์

คอมเมนท์ทรัพยากรรายการนี้
  คอมเมนท์: Cambridge practi..


 Copyright 2026. Bcnsprnw @Library